| 000 | 00660nas a2200241 4500 | ||
|---|---|---|---|
| 001 | BR8306075 | ||
| 003 | BR-BrBNA | ||
| 005 | 20231205085713.0 | ||
| 007 | ta | ||
| 008 | 230509b bl.|||p| |||| 00| 00por d | ||
| 040 |
_aBR-BrBNA _bpor _cBiblioteca Nacional de Agricultura |
||
| 041 | _a(Pt) | ||
| 072 | _aF08 | ||
| 100 | 1 | _aBerger, P.G. | |
| 245 | 1 | _aConsorcio triplo [feijao, milho, mamona] | |
| 650 | _aFEIJAO | ||
| 650 | _aMILHO | ||
| 650 | _aMAMONA | ||
| 650 | _aCONSORCIACAO DE CULTURA | ||
| 773 | 0 |
_tGranja (Brazil) _xISSN 0367-505X _g(Jun 1983), v. 39(425) p. 68 _wBR8306075 |
|
| 909 |
_a202311 _bLúcia _c55 _dLúcia Elande |
||
| 942 |
_2AGRIS _n0 _cANA |
||
| 999 |
_c113207 _d113207 |
||